Sports Quiz

Random Sports Quiz

Yankee's history Quiz Stats

Quiz not verified by Sporcle

Challenge
Share
Tweet
Embed
Score 0/20 Timer 08:00
0 Plays Today
Yankees % Correct
Who wore number 3?Bube Ruth
97.5%
How many world series have the Yankee's won?27
91.7%
Who was the first player in Yankee history to win the triple crown?Lou Gehrig
89.8%
Who was the last player to win the triple crown?Mickey Mantle
87.9%
Name a pitcher who has thown a perfect gameDavid Wells
87.9%
Name the pitcher who threw a perfect game in the world seriesDon Larsen
87.3%
Who did the Yankee's beat in the last world series?Philadelphia Phillies
87.3%
Who was the last player to win the rookie of the year?Derek Jeter
85.4%
Name another pitcher who has thorwn a perfect game.David Cone
85.4%
Who is the yankees manager?Joe Girardi
84.7%
Yankees % Correct
How many all-star games has Yogi Berra been selected to?15
84.1%
Which Yankee is the all time leader in stole bases?Ricky Henderson
75.2%
Who wore number 1?Billy Martin
72.6%
in 1923 the first world series win for the Yankees, who did they beat?New York Giants
62.4%
Who had a Yankee record 18 stirkeouts in one game?Ron Guidry
59.9%
in 1912 the Yankees changed their name to the Yankees from what?Highlanders
59.9%
Who wore number 32?Elston Howard
43.3%
Red Ruffing leds the Yankees in which pitching category?Complete Games
24.8%
Which Yankee hit for the cycle 4 times in his career?Bob Meusel
7.6%
Who was the first yankee captain?Clark Griffith
1.9%

You're not logged in!

Compare scores with friends on all Sporcle quizzes.
Sign Up with Email
OR
Log In

You Might Also Like...

Show Comments

Extras

Top Quizzes Today


Score Distribution

Your Account Isn't Verified!

In order to create a playlist on Sporcle, you need to verify the email address you used during registration. Go to your Sporcle Settings to finish the process.